Normal view MARC view
  • Pardo Brügmann, María Teresa

Entry Nombre Personal

Number of records used in: 1

001 - NUMERO DE CONTROL

  • campo de control: 43517

003 - IDENTIFICADOR DE NUMERO DE CONTROL

  • campo de control: MX-MxUPN

005 - FECHA Y HORA DE LA ÜLTIMA TRANSACCIÓN

  • campo de control: 20220211152030.0

008 - DATOS DE LONGITUD FIJA

  • campo de control de longitud fija: 211126|| aca||aabn | a|a d

040 ## - FUENTE DE CATALOGACIÓN

  • Agencia original de catalogación: MX-MxUPN
  • Lenguaje de catalogación: spa
  • Agencia de transcripción: MX-MxUPN

100 1# - ENCABEZAMIENTO - NOMBRE PERSONAL

  • Nombre personal: Pardo Brügmann, María Teresa

670 ## - FUENTE EN LA QUE SE LOCALIZARON DATOS

  • Cita de la fuente: La dinámica sociolingüística en Oaxaca: los procesos de mantenimiento o desplazamiento de las lenguas indígenas del estado, 2013:
  • Información localizada: portada (María Teresa Pardo Brügmann)

902 ## - CATALOGADOR

  • Catalogador: VRC/261121